Statistiques concernant Mots de la langue française terminés par "laine"

Cliquez ici pour prendre le quiz!

Statistiques générales

  • Ce quiz a été pris 163 fois
  • Le résultat moyen est 5 sur 9

Statistiques - réponses

IndiceMot% Correct
fibre d'origine animalelaine
97%
écrivain prénommé PaulVerlaine
91%
laidevilaine
87%
céramiqueporcelaine
75%
reliefplaine
67%
plante aromatiquemarjolaine
64%
chaussure du Moyen Âgepoulaine
18%
bijouchâtelaine
4%
pic de mineur.rivelaine
1%

Distribution des résultats

Percentile par nombre de réponses

% des personnes avec chaque résultat

Votre développement - résultats

Vous n’avez pas pris ce quiz